Greek Heroes Quiz - Statistics

General Stats
  • This quiz has been taken 332 times
    326 since last reset
  • The average score is 9 of 20
Answer Stats
Hint Answer % Correct
Completed 12 labours Heracles
98%
Greatest Achaean warrior of the Trojan war Achilles
94%
Leader of the Argonauts Jason
91%
Slew the Gorgon Medusa Perseus
91%
Greatest Trojan warrior Hector
82%
Epic 10 year journey home from Troy Odysseus
81%
Slew the Minotaur Theseus
80%
Famed Musician Orpheus
58%
Husband of Helen of Troy (Sparta) Menelaus
40%
Renowned hunter Orion
39%
Female huntress Atalanta
36%
Slayer of the monster Chimera Bellerophon
34%
Heroic twins (1 mortal 1 Immortal) Castor and pollux
34%
Second greatest Achaean warrior and Athena's favourite Diomedes
18%
Ally of Troy and managed to escape the cities destruction Aeneus
8%
Amazon Queen who fought for the Trojans Penthesilea
8%
Ethiopian warrior king who aided the Trojans Memnon
6%
Trapped in Hades with the above Pirithous
4%
Athena's favourite during the 7 against Thebes and father of above Tydeus
4%
Leader of the hunt for the Calydonian Boar Melaeger
2%
No matching quizzes found
Score Distribution
Percent of People with Each Score
Percentile by Number Answered
Your Score History
You have not taken this quiz since the last reset